| 000 | 00484nam a2200205Ia 4500 | ||
|---|---|---|---|
| 008 | 210210b2009 xxu||||| |||| 00| 0 eng d | ||
| 041 | _aeng | ||
| 082 | _a510.2465 RAJB | ||
| 100 | _aRAJ MOHAN | ||
| 245 | _aBusiness mathematics: for BBM course | ||
| 260 |
_aUdupi _bBenaka Books, Udupi _c2009 |
||
| 300 | _a256 | ||
| 650 | _amathematics: | ||
| 650 | _afor | ||
| 650 | _acourse | ||
| 650 | _aBusiness | ||
| 650 | _aBBM | ||
| 690 | _aBusiness Mathematics | ||
| 906 | _a065658 | ||
| 999 |
_c146394 _d146394 |
||